| 000 | 00663nam a22002057a 4500 | ||
|---|---|---|---|
| 003 | OSt | ||
| 005 | 20251125093816.0 | ||
| 008 | 251125b |||||||| |||| 00| 0 eng d | ||
| 020 | _a978-971-584-887-9. | ||
| 040 |
_aDWCL-Admin lib _cOC |
||
| 082 | _aFil. 392.2 S182e 2009 | ||
| 100 | _aSalvador, Germaine Angelica | ||
| 245 |
_aEvent management : _benvision, execute, evaluate / _cGermaine Angelica Salvador |
||
| 260 | _a Quezon City : | ||
| 300 |
_a xiii, 183 p. : _bill. ; _c26 cm. |
||
| 504 | _aIncludes bibliographical references & index. | ||
| 650 | _a1. Event management | ||
| 650 | _a2. Special occasion-Management | ||
| 942 |
_2ddc _cBK - FIL _kFil. _n0 |
||
| 999 |
_c6180 _d6180 |
||